[Event "Izmailov Memorial op 17th"]
[Site "Tomsk"]
[Date "2013.06.19"]
[Round "9"]
[White "Kardashevskiy, Evgeny"]
[Black "Gankin, Stanislav"]
[Result "0-1"]
[WhiteElo "2155"]
[BlackElo "2260"]
[PlyCount "124"]
[EventDate "2013.06.11"]
[EventType "swiss"]
[EventRounds "9"]
[EventCountry "RUS"]
[SourceTitle "EXT 2014"]
[Source "ChessBase"]
[SourceDate "2013.11.20"]
[SourceVersion "1"]
[SourceVersionDate "2013.11.20"]
[SourceQuality "1"]

1. d4 d5 2. Nf3 Nf6 3. c4 dxc4 4. Qa4+ Nbd7 5. Qxc4 e6 6. g3 c5 7. Bg2 Nb6 8. Qd3 Be7 9. 0-0 0-0 10. Rd1 cxd4 11. Qxd4 Qxd4 12. Nxd4 a6 13. Nc3 Nbd5 14. Nxd5 Nxd5 15. e4 Nb6 16. b3 g6 17. Be3 Nd7 18. Rac1 Rd8 19. Ne2 Ne5 20. Rxd8+ Bxd8 21. f4 Nc6 22. e5 Bd7 23. Rd1 Be8 24. Nc3 Be7 25. Ne4 Nb4 26. Bc5 Bxc5+ 27. Nxc5 Bc6 28. Bxc6 bxc6 29. Rd2 Nd5 30. Rd4 a5 31. Kf2 Kf8 32. Ke1 Ke7 33. Kd2 h6 34. Kc1 g5 35. fxg5 hxg5 36. h4 gxh4 37. gxh4 Rg8 38. Nb7 Rg1+ 39. Rd1 Rg2 40. Rd2 Rg1+ 41. Kb2 a4 42. Rh2 axb3 43. axb3 Nf4 44. Nc5 Re1 45. b4 Rxe5 46. Rd2 Nd5 47. Kb3 Re1 48. Nd3 Re3 49. Kc4 Kd6 50. Rh2 e5 51. h5 Nb6+ 52. Kc3 e4 53. Kd4 Rxd3+ 54. Kxe4 Rg3 55. h6 Rg8 56. h7 Rh8 57. Rh6+ Kc7 58. Kf5 Nd7 59. Rh1 Nf8 60. Ra1 Rxh7 61. Ra7+ Kd6 62. Ra6 Nd7 0-1

[Event "Izmailov Memorial op 17th"]
[Site "Tomsk"]
[Date "2013.06.14"]
[Round "4"]
[White "Tsepennikova, Tatyana"]
[Black "Gankin, Stanislav"]
[Result "1-0"]
[WhiteElo "2089"]
[BlackElo "2260"]
[PlyCount "110"]
[EventDate "2013.06.11"]
[EventType "swiss"]
[EventRounds "9"]
[EventCountry "RUS"]
[SourceTitle "CBM 154 Extra"]
[Source "ChessBase"]
[SourceDate "2013.06.25"]
[SourceVersion "2"]
[SourceVersionDate "2013.06.25"]
[SourceQuality "1"]

1. d4 d5 2. c3 Nf6 3. Bg5 Ne4 4. Bh4 g5 5. Bg3 Bg7 6. Nd2 Nxg3 7. hxg3 Nc6 8. e4 e5 9. exd5 Qxd5 10. Bc4 Qe6 11. Qf3 Qg6 12. d5 g4 13. Qe3 Ne7 14. Bb5+ c6 15. dxc6 bxc6 16. Bd3 f5 17. Nc4 e4 18. Bc2 0-0 19. Ne2 Nd5 20. Qc5 Bd7 21. Bb3 Kh8 22. Ne3 Nxe3 23. Qxe3 Be5 24. 0-0-0 Be8 25. Nf4 Bxf4 26. Qxf4 Rf6 27. Qe5 Qg7 28. Rd6 Rxd6 29. Qxd6 Bf7 30. Qxc6 Rf8 31. Rd1 Bxb3 32. axb3 h6 33. Kc2 Rf7 34. Rd6 Kh7 35. Qd5 Kh8 36. b4 Kh7 37. b5 h5 38. Qe6 Kh8 39. b6 axb6 40. Rxb6 Kh7 41. b4 Kh8 42. Rb5 Qf6 43. Qxf6+ Rxf6 44. Kd2 Kg7 45. c4 Rf8 46. Ke3 Kf6 47. Rd5 Ke6 48. b5 Ra8 49. Kd4 Ra2 50. b6 Rd2+ 51. Kc5 Rb2 52. Kc6 h4 53. gxh4 f4 54. b7 f3 55. gxf3 gxf3 1-0

[Event "Izmailov Memorial op 16th"]
[Site "Tomsk"]
[Date "2012.08.13"]
[Round "8"]
[White "Shkurikhin, Ilia"]
[Black "Gankin, Stanislav"]
[Result "0-1"]
[WhiteElo "2398"]
[BlackElo "2254"]
[PlyCount "108"]
[EventDate "2012.08.06"]
[EventType "swiss"]
[EventRounds "9"]
[EventCountry "RUS"]
[SourceTitle "CBM 149 Extra"]
[Source "ChessBase"]
[SourceDate "2012.08.24"]
[SourceVersion "1"]
[SourceVersionDate "2012.08.24"]
[SourceQuality "1"]

1. d4 d5 2. Nc3 Nc6 3. e4 dxe4 4. d5 Ne5 5. Bf4 Ng6 6. Bg3 f5 7. Nh3 a6 8. f3 e3 9. Qd3 Nf6 10. 0-0-0 e5 11. dxe6 Qxd3 12. Bxd3 Bxe6 13. Rhe1 0-0-0 14. Ng5 Bd7 15. Nf7 Bc5 16. Nxh8 Rxh8 17. h3 Nh5 18. Bh2 Nhf4 19. Bf1 Bc6 20. g3 Ne6 21. Bg1 Bxf3 22. Be2 Bxe2 23. Nxe2 Ne5 24. Rf1 g6 25. c3 Nc4 26. Rd3 c6 27. Nd4 Nxd4 28. cxd4 Bd6 29. Bxe3 Bxg3 30. Bh6 Bd6 31. d5 c5 32. Rc3 b5 33. Bf4 Kd7 34. Bh6 Re8 35. b3 Nb6 36. Rc2 Re5 37. Rd1 Rxd5 38. Be3 Kc6 39. Rf1 Nd7 40. a4 Ne5 41. axb5+ axb5 42. Rd2 Nd3+ 43. Kc2 c4 44. bxc4 bxc4 45. Ra1 Rb5 46. Bd4 Kd5 47. Bc3 f4 48. Ra7 f3 49. Rxh7 Ke4 50. Rd1 f2 51. Rh6 Rg5 52. Rh4+ Bf4 53. Rxf4+ Nxf4 54. Bd4 Nxh3 0-1

[Event "Novokuznetsk op"]
[Site "Novokuznetsk"]
[Date "2011.08.18"]
[Round "8"]
[White "Kostojakov, Ivan"]
[Black "Gankin, Stanislav"]
[Result "1-0"]
[WhiteElo "2054"]
[BlackElo "2269"]
[PlyCount "165"]
[EventDate "2011.08.11"]
[EventType "swiss"]
[EventRounds "9"]
[EventCountry "RUS"]
[SourceTitle "CBM 144 Extra"]
[Source "ChessBase"]
[SourceDate "2011.10.28"]
[SourceVersion "1"]
[SourceVersionDate "2011.10.28"]
[SourceQuality "1"]

1. d4 d5 2. Nf3 Nf6 3. c4 dxc4 4. e3 Bg4 5. Bxc4 e6 6. 0-0 Nbd7 7. h3 Bh5 8. Nc3 a6 9. e4 Nb6 10. Be2 Bg6 11. Bg5 Be7 12. Bd3 0-0 13. Qe2 h6 14. Be3 Bb4 15. Ne5 Bh7 16. Rac1 Nbd7 17. Nxd7 Nxd7 18. a3 Be7 19. Rfd1 Kh8 20. f4 f5 21. e5 Nb6 22. b4 c6 23. Qa2 Bg8 24. Qb3 Qd7 25. g3 Bf7 26. Be2 Rg8 27. h4 Qe8 28. Kf2 Rd8 29. a4 Qd7 30. Bf3 Nd5 31. Nxd5 cxd5 32. b5 axb5 33. Qxb5 Qxb5 34. axb5 Rc8 35. Be2 Ba3 36. Ra1 Ra8 37. Rd2 Bb4 38. Rxa8 Rxa8 39. Rc2 Ba5 40. Bd2 Bb6 41. Ke3 Be8 42. Bb4 Bd7 43. Bc5 Bd8 44. h5 Kg8 45. g4 fxg4 46. Bxg4 Kf7 47. Bf3 Bxb5 48. f5 Bg5+ 49. Kf2 Bc4 50. fxe6+ Kxe6 51. Bg4+ Kf7 52. Kg3 Be7 53. e6+ Ke8 54. Rf2 Bf6 55. Bf5 Bb5 56. Bg6+ Kd8 57. Kg4 Kc7 58. Rb2 Be8 59. Kf5 Bc6 60. Bb6+ Kd6 61. Bc5+ Kc7 62. Bf7 Ra6 63. e7 b6 64. Bb4 Bd7+ 65. Kg6 Bxd4 66. Rc2+ Bc5 67. e8Q Bxe8 68. Bxe8 Kd8 69. Bb5 Ra1 70. Bxc5 bxc5 71. Rxc5 Rg1+ 72. Kf7 Rg5 73. Be2 Kd7 74. Ra5 Kd6 75. Ra6+ Ke5 76. Rg6 Kf4 77. Rxg5 Kxg5 78. Kxg7 d4 79. Bd1 d3 80. Kh7 d2 81. Kg7 Kf5 82. Kxh6 Kf6 83. Bb3 1-0

[Event "Novokuznetsk op"]
[Site "Novokuznetsk"]
[Date "2011.08.17"]
[Round "7"]
[White "Gankin, Stanislav"]
[Black "Korablin, Jurij"]
[Result "1/2-1/2"]
[WhiteElo "2269"]
[BlackElo "2142"]
[PlyCount "181"]
[EventDate "2011.08.11"]
[EventType "swiss"]
[EventRounds "9"]
[EventCountry "RUS"]
[SourceTitle "CBM 144 Extra"]
[Source "ChessBase"]
[SourceDate "2011.10.28"]
[SourceVersion "1"]
[SourceVersionDate "2011.10.28"]
[SourceQuality "1"]

1. e4 c6 2. d4 d5 3. exd5 cxd5 4. c4 Nf6 5. Nc3 e6 6. Nf3 Be7 7. cxd5 exd5 8. Bb5+ Bd7 9. 0-0 0-0 10. Ne5 Bxb5 11. Nxb5 Qb6 12. Nc3 Nc6 13. Re1 Rfe8 14. Bg5 Rad8 15. Na4 Qc7 16. Rc1 h6 17. Bh4 Ne4 18. Bxe7 Rxe7 19. Re3 Qd6 20. Nxc6 bxc6 21. f3 Nf6 22. Rxe7 Qxe7 23. Rxc6 Qe3+ 24. Kf1 Re8 25. Rc2 Qf4 26. g3 Qf5 27. Rf2 Re3 28. Nc5 h5 29. Kg2 h4 30. Qc2 h3+ 31. Kf1 Qxc2 32. Rxc2 Rxf3+ 33. Rf2 Re3 34. Re2 Rf3+ 35. Ke1 Kh7 36. b4 Rc3 37. b5 Rc4 38. Rd2 Ng4 39. Nd3 Rxd4 40. Nf4 Rb4 41. Rxd5 Rb1+ 42. Ke2 Rb2+ 43. Rd2 Rxb5 44. Kf3 Ne5+ 45. Ke4 f6 46. Nxh3 Rb4+ 47. Kd5 Rb8 48. Re2 Rb6 49. Nf4 Kg8 50. h4 Kf7 51. h5 Ra6 52. Rc2 Ra5+ 53. Ke4 Ra4+ 54. Ke3 Ra3+ 55. Kd2 a5 56. Ne2 Rd3+ 57. Ke1 Kg8 58. Rc3 Rd5 59. Nf4 Rb5 60. a3 Kh7 61. Ke2 Kh6 62. Ke3 Rb7 63. Ke4 Rb5 64. Rc8 Kh7 65. a4 Rb4+ 66. Kf5 Nf7 67. Rc7 Nh6+ 68. Ke6 Re4+ 69. Kd5 Re5+ 70. Kc6 Nf5 71. Nd5 Nd4+ 72. Kd6 Nf5+ 73. Kc5 Ne3 74. Rd7 Rxh5 75. Kc6 Nxd5 76. Rxd5 Rxd5 77. Kxd5 f5 78. Ke5 g6 79. Kf4 Kh6 80. g4 fxg4 81. Kxg4 g5 82. Kg3 Kh5 83. Kh3 g4+ 84. Kg2 Kg5 85. Kg3 Kf5 86. Kg2 Ke4 87. Kg3 Kd4 88. Kxg4 Kc4 89. Kf3 Kb4 90. Ke2 Kxa4 91. Kd1 1/2-1/2

[Event "Izhevsk Corporation Cup-A 3rd"]
[Site "Izhevsk"]
[Date "2011.07.21"]
[Round "6"]
[White "Gankin, Stanislav"]
[Black "Khruschiov, Alexey"]
[Result "0-1"]
[WhiteElo "2272"]
[BlackElo "2409"]
[PlyCount "126"]
[EventDate "2011.07.15"]
[EventType "swiss"]
[EventRounds "9"]
[EventCountry "RUS"]
[SourceTitle "CBM 143 Extra"]
[Source "ChessBase"]
[SourceDate "2011.08.29"]
[SourceVersion "1"]
[SourceVersionDate "2011.08.29"]
[SourceQuality "1"]

1. e4 e5 2. Nf3 Nc6 3. Bb5 a6 4. Ba4 Nf6 5. 0-0 Be7 6. Re1 b5 7. Bb3 0-0 8. a4 Bb7 9. d3 d6 10. c3 Nd7 11. d4 Bf6 12. d5 Ne7 13. Bc2 Qb8 14. b3 c6 15. c4 b4 16. Ra2 c5 17. Nbd2 g6 18. Nf1 Bg7 19. Ng3 Bc8 20. h3 Kh8 21. Nh2 Ra7 22. Bb1 f5 23. exf5 Nxf5 24. Bxf5 gxf5 25. f4 Nf6 26. Rf2 Ne4 27. Nxe4 fxe4 28. Rxe4 Bf5 29. Re1 exf4 30. Rxf4 Raf7 31. Ref1 Qe8 32. Ng4 Bg6 33. Kh1 Qe4 34. Rxf7 Rxf7 35. Rxf7 Bxf7 36. Qd2 Bg6 37. Qg5 h5 38. Nf6 Qf5 39. Qxf5 Bxf5 40. Ne8 Be5 41. a5 Bc2 42. Nc7 Bxb3 43. Nxa6 Bxc4 44. Nc7 b3 45. g4 hxg4 46. hxg4 Be2 47. Kg2 Bxg4 48. Ne6 Be2 49. Kf2 Ba6 50. Ke3 Bb7 51. Nc7 c4 52. a6 Bxa6 53. Nxa6 Bf4+ 54. Kd4 Bxc1 55. Kc3 Bf4 56. Kb2 Kg7 57. Nb8 Kf6 58. Nd7+ Kf5 59. Nb6 Be5+ 60. Ka3 b2 61. Ka2 c3 62. Kb1 Ke4 63. Kc2 b1Q+ 0-1

[Event "Izhevsk Corporation Cup-A 3rd"]
[Site "Izhevsk"]
[Date "2011.07.18"]
[Round "4"]
[White "Gankin, Stanislav"]
[Black "Shaydullina, Sandugach"]
[Result "1-0"]
[WhiteElo "2272"]
[BlackElo "2158"]
[PlyCount "87"]
[EventDate "2011.07.15"]
[EventType "swiss"]
[EventRounds "9"]
[EventCountry "RUS"]
[SourceTitle "CBM 143 Extra"]
[Source "ChessBase"]
[SourceDate "2011.08.29"]
[SourceVersion "1"]
[SourceVersionDate "2011.08.29"]
[SourceQuality "1"]

1. e4 c5 2. c3 e5 3. Nf3 Nc6 4. Bc4 Qc7 5. a3 Nf6 6. d3 Be7 7. Nbd2 0-0 8. Nf1 Na5 9. Ba2 c4 10. Ne3 b5 11. dxc4 bxc4 12. Nd2 Bb7 13. f3 d5 14. exd5 Nxd5 15. Ndxc4 Rad8 16. Qa4 Nxc4 17. Qxc4 Qb6 18. Nxd5 Rxd5 19. Qe2 Ba6 20. Be3 Bxe2 21. Bxb6 Rb5 22. b4 Bxf3 23. gxf3 Rxb6 24. Ke2 e4 25. fxe4 Bf6 26. Rhf1 Rc6 27. Rf3 Rxc3 28. Rxc3 Bxc3 29. Rd1 Be5 30. Rd7 Bb8 31. a4 g5 32. b5 g4 33. a5 h5 34. e5 Bxe5 35. Rxa7 Bxh2 36. a6 Bg1 37. Rb7 h4 38. b6 h3 39. a7 Re8+ 40. Kf1 h2 41. Bd5 Kg7 42. Rb8 Re6 43. a8Q Rf6+ 44. Ke2 1-0

[Event "Izhevsk Corporation Cup-A 3rd"]
[Site "Izhevsk"]
[Date "2011.07.17"]
[Round "3"]
[White "Chan, Naruna"]
[Black "Gankin, Stanislav"]
[Result "1/2-1/2"]
[WhiteElo "1772"]
[BlackElo "2272"]
[PlyCount "117"]
[EventDate "2011.07.15"]
[EventType "swiss"]
[EventRounds "9"]
[EventCountry "RUS"]
[SourceTitle "CBM 143 Extra"]
[Source "ChessBase"]
[SourceDate "2011.08.29"]
[SourceVersion "1"]
[SourceVersionDate "2011.08.29"]
[SourceQuality "1"]

1. d4 d5 2. c4 dxc4 3. Nf3 Nf6 4. e3 e6 5. Bxc4 c5 6. Nc3 Nc6 7. 0-0 Be7 8. a3 0-0 9. dxc5 Bxc5 10. b4 Bd6 11. Bb2 a6 12. Qc2 Qe7 13. h3 Bd7 14. Rfe1 Rac8 15. Qe2 Ne5 16. Nxe5 Bxe5 17. Rac1 b5 18. Bd3 Bc6 19. Rc2 Qb7 20. f3 Bb8 21. Rec1 Ba7 22. Nd1 Nd5 23. Kh1 Bd7 24. Be4 f5 25. Bxd5 Qxd5 26. Rd2 Qb7 27. Rxc8 Rxc8 28. Nf2 Be8 29. Bd4 Rc1+ 30. Rd1 Rxd1+ 31. Qxd1 Bb8 32. Nd3 Bd6 33. Qb3 Qc8 34. Qc3 Qxc3 35. Bxc3 Bd7 36. Kg1 g5 37. Kf2 Kf8 38. Bf6 h6 39. h4 gxh4 40. Bxh4 Kf7 41. Bg3 Be7 42. Be5 Bd8 43. Nc5 Bc8 44. e4 Be7 45. Ke3 Bxc5+ 46. bxc5 Bb7 47. Kf4 fxe4 48. fxe4 h5 49. g3 Ke7 50. Bc3 Bc6 51. Bd4 Be8 52. g4 h4 53. Bf2 h3 54. Kg3 Bc6 55. Kxh3 Bxe4 56. Kg3 e5 57. g5 Ke6 58. Be1 Kd5 59. Bb4 1/2-1/2

[Event "Izmailov Memorial op 15th"]
[Site "Tomsk"]
[Date "2011.06.07"]
[Round "7"]
[White "Gankin, Stanislav"]
[Black "Pakhomov, Egor"]
[Result "0-1"]
[WhiteElo "2283"]
[BlackElo "2402"]
[PlyCount "194"]
[EventDate "2011.06.01"]
[EventType "swiss"]
[EventRounds "9"]
[EventCountry "RUS"]
[SourceTitle "EXT 2013"]
[Source "ChessBase"]
[SourceDate "2012.11.22"]
[SourceVersion "1"]
[SourceVersionDate "2012.11.22"]
[SourceQuality "1"]

1. e4 e6 2. d4 d5 3. Nc3 Bb4 4. e5 c5 5. a3 Bxc3+ 6. bxc3 Ne7 7. Qg4 Kf8 8. Bd2 Qa5 9. a4 Nbc6 10. Bd3 c4 11. Be2 b5 12. Nh3 Ng6 13. Nf4 bxa4 14. 0-0 Rb8 15. Ra2 Bd7 16. Nh5 a6 17. Rfa1 Na7 18. Qf3 Qd8 19. g3 Kg8 20. h4 h6 21. Qe3 Rb7 22. Be1 Qb8 23. Qc1 Nb5 24. Kg2 a3 25. Qe3 Qd8 26. f4 Kh7 27. Bd2 Ne7 28. g4 Ng6 29. Rh1 Kg8 30. Kg3 Bc8 31. Qf3 f5 32. exf6 gxf6 33. f5 Nf8 34. fxe6 Nd6 35. Kh3 Ne4 36. Bc1 Bxe6 37. Bxc4 Ng6 38. Qxe4 dxe4 39. Bxe6+ Kh7 40. Bf5 Rb5 41. Rxa3 Rxf5 42. gxf5 Qc8 43. Rf1 Rf8 44. Bd2 Ne7 45. Ra5 e3 46. Be1 Qc6 47. Ng3 Rc8 48. c4 Qxc4 49. Rf4 Kg7 50. Re4 Nd5 51. Kg4 Kf7 52. Kf3 Rc7 53. Ne2 h5 54. Re6 Ne7 55. Raxa6 Qd5+ 56. Kxe3 Nxf5+ 57. Kf4 Nxd4 58. Rxf6+ Ke8 59. Nc3 Qc4 60. Ne4 Qf1+ 61. Ke5 Nf3+ 62. Rxf3 Re7+ 63. Kd5 Qxa6 64. Bb4 Rxe4 65. Kxe4 Qc4+ 66. Ke5 Qxb4 67. Rf4 Qc3+ 68. Kf5 Qxc2+ 69. Kf6 Qc3+ 70. Kf5 Qd3+ 71. Kf6 Qg3 72. Kf5 Kf7 73. Re4 Qf3+ 74. Ke5 Kg6 75. Rf4 Qg3 76. Ke4 Qe1+ 77. Kf3 Qc3+ 78. Ke4 Qg3 79. Ke5 Qe3+ 80. Re4 Qc5+ 81. Kf4 Kf6 82. Kf3 Qd5 83. Kf4 Qf5+ 84. Ke3 Qh3+ 85. Kd4 Qf3 86. Re3 Qf2 87. Kd3 Qxh4 88. Rf3+ Kg5 89. Ke2 Qe4+ 90. Kf2 h4 91. Re3 Qf4+ 92. Rf3 Qd2+ 93. Kg1 Kg4 94. Rf2 Qe3 95. Kg2 h3+ 96. Kf1 Kg3 97. Rh2 Qc1+ 0-1

[Event "Izmailov Memorial op 15th"]
[Site "Tomsk"]
[Date "2011.06.02"]
[Round "2"]
[White "Dvoirys, Semen I"]
[Black "Gankin, Stanislav"]
[Result "1-0"]
[WhiteElo "2569"]
[BlackElo "2283"]
[PlyCount "52"]
[EventDate "2011.06.01"]
[EventType "swiss"]
[EventRounds "9"]
[EventCountry "RUS"]
[SourceTitle "EXT 2013"]
[Source "ChessBase"]
[SourceDate "2012.11.22"]
[SourceVersion "1"]
[SourceVersionDate "2012.11.22"]
[SourceQuality "1"]

1. e4 e5 2. Nf3 Nc6 3. Bb5 Nf6 4. d3 d6 5. c3 a6 6. Ba4 Be7 7. 0-0 0-0 8. Nbd2 Re8 9. Re1 Bf8 10. d4 b5 11. Bc2 Bb7 12. a3 g6 13. Nb3 a5 14. Bg5 h6 15. Bxf6 Qxf6 16. dxe5 dxe5 17. Qd7 Rec8 18. Nbd2 b4 19. axb4 axb4 20. Rxa8 Rxa8 21. Qxc7 Ba6 22. Ba4 Nd8 23. Qxe5 Qb6 24. Qe8 Ne6 25. Qxa8 Qb7 26. Qxb7 Bxb7 1-0

[Event "Moscow op-E"]
[Site "Moscow"]
[Date "2011.02.04"]
[Round "7.101"]
[White "Gankin, Stanislav"]
[Black "Valeev, Sergey"]
[Result "1-0"]
[WhiteElo "2269"]
[BlackElo "2093"]
[PlyCount "51"]
[EventDate "2011.01.29"]
[EventType "swiss"]
[EventRounds "9"]
[EventCountry "RUS"]
[SourceTitle "EXT 2022"]
[Source "ChessBase"]
[SourceDate "2021.10.06"]
[SourceVersion "1"]
[SourceVersionDate "2021.10.06"]
[SourceQuality "1"]

1. e4 e6 2. d4 d5 3. Nd2 dxe4 4. Nxe4 b6 5. Nf3 Bb7 6. Bb5+ c6 7. Bd3 Nf6 8. Nxf6+ gxf6 9. Bf4 Bd6 10. Qd2 Bxf4 11. Qxf4 h6 12. 0-0-0 Nd7 13. Rhe1 Qe7 14. Nd2 c5 15. Ne4 Kf8 16. Bb5 Bxe4 17. Qxe4 Rd8 18. d5 f5 19. Qe3 Nf6 20. dxe6 Rxd1+ 21. Kxd1 Ng4 22. Qc3 Rg8 23. exf7 Nxf2+ 24. Kc1 Qg5+ 25. Kb1 Rg7 26. Qe5 1-0

[Event "Tomsk-ch"]
[Site "Tomsk"]
[Date "2010.12.18"]
[Round "10"]
[White "Isaev, Anton"]
[Black "Gankin, Stanislav"]
[Result "0-1"]
[WhiteElo "2164"]
[BlackElo "2268"]
[PlyCount "40"]
[EventDate "2010.12.06"]
[EventType "tourn"]
[EventRounds "11"]
[EventCountry "RUS"]
[SourceTitle "EXT 2022"]
[Source "ChessBase"]
[SourceDate "2021.10.06"]
[SourceVersion "1"]
[SourceVersionDate "2021.10.06"]
[SourceQuality "1"]

1. Nf3 d5 2. c4 e6 3. d4 dxc4 4. e3 c5 5. Bxc4 Nc6 6. 0-0 Nf6 7. dxc5 Bxc5 8. Qxd8+ Kxd8 9. Nc3 a6 10. Rd1+ Ke7 11. a3 Bd7 12. Bd2 Bd6 13. Ne2 Ne4 14. Ng3 Nxd2 15. Rxd2 Bc7 16. Ne4 b6 17. Rad1 Rhd8 18. Nd6 Na5 19. Ne5 Ba4 20. b3 Rxd6 0-1

[Event "Tomsk-ch"]
[Site "Tomsk"]
[Date "2010.12.16"]
[Round "9"]
[White "Gankin, Stanislav"]
[Black "Sviridov, Valery"]
[Result "0-1"]
[WhiteElo "2268"]
[BlackElo "2246"]
[PlyCount "124"]
[EventDate "2010.12.06"]
[EventType "tourn"]
[EventRounds "11"]
[EventCountry "RUS"]
[SourceTitle "EXT 2022"]
[Source "ChessBase"]
[SourceDate "2021.10.06"]
[SourceVersion "1"]
[SourceVersionDate "2021.10.06"]
[SourceQuality "1"]

1. e4 Nf6 2. e5 Nd5 3. d4 d6 4. c4 Nb6 5. exd6 exd6 6. Nf3 Be7 7. Bd3 0-0 8. 0-0 Bf6 9. Nc3 Nc6 10. Be3 Bg4 11. h3 Bh5 12. g4 Bg6 13. Bxg6 hxg6 14. g5 Be7 15. d5 Ne5 16. Nxe5 dxe5 17. Qg4 Qd7 18. Qxd7 Nxd7 19. Nb5 a6 20. d6 cxd6 21. Nxd6 Bxd6 22. Rfd1 e4 23. Rxd6 Ne5 24. b3 Rad8 25. Rad1 Nd3 26. Rxd8 Rxd8 27. Kh2 f5 28. Kg3 Kf7 29. a4 Ke7 30. a5 f4+ 31. Bxf4 Nxf4 32. Re1 Ne6 33. Rxe4 Rd3+ 34. f3 Rxb3 35. h4 Rd3 36. Re1 Kd6 37. Rb1 Kc6 38. Re1 Kd7 39. Rb1 Nc5 40. Kf4 Rd4+ 41. Kg3 Rxc4 42. Rb6 Ke7 43. Rxg6 Ne6 44. f4 Kf7 45. f5 Nd4 46. Rb6 Nxf5+ 47. Kf2 Rc7 48. h5 Nd4 49. Kg3 Nc6 50. Kg4 Nxa5 51. h6 gxh6 52. Rxh6 Kg7 53. Rd6 Nc6 54. Kh5 Ne7 55. Rd8 b5 56. Rb8 Ra7 57. Kg4 a5 58. Rxb5 a4 59. Rb1 a3 60. Kf4 a2 61. Ra1 Nd5+ 62. Ke4 Nb4 0-1

[Event "Tomsk-ch"]
[Site "Tomsk"]
[Date "2010.12.08"]
[Round "3"]
[White "Gankin, Stanislav"]
[Black "Beletsky, Alexey"]
[Result "1-0"]
[WhiteElo "2268"]
[BlackElo "2307"]
[PlyCount "117"]
[EventDate "2010.12.06"]
[EventType "tourn"]
[EventRounds "11"]
[EventCountry "RUS"]
[SourceTitle "EXT 2022"]
[Source "ChessBase"]
[SourceDate "2021.10.06"]
[SourceVersion "1"]
[SourceVersionDate "2021.10.06"]
[SourceQuality "1"]

1. c4 Nf6 2. Nc3 d5 3. cxd5 Nxd5 4. Nf3 c5 5. d4 g6 6. dxc5 Nxc3 7. Qxd8+ Kxd8 8. bxc3 Bg7 9. Nd4 Nc6 10. e3 Bd7 11. Be2 Rc8 12. Ba3 a6 13. 0-0 e5 14. Nf3 f5 15. Ng5 Ke7 16. Rfd1 Rc7 17. Bc4 Bf6 18. Nf7 Rf8 19. Nd6 e4 20. Rab1 Rb8 21. Rb6 Be6 22. Bxe6 Kxe6 23. c4 Ke7 24. Rdb1 a5 25. Nxb7 Ra8 26. Rd1 Bc3 27. Nd6 Bb4 28. Nb5 Rd7 29. Rxd7+ Kxd7 30. Rb7+ Kd8 31. Rxh7 Rb8 32. Bb2 Bxc5 33. Bf6+ Ke8 34. Nc7+ Kf8 35. Ne6+ Ke8 36. Rh8+ Kf7 37. Rxb8 Nxb8 38. Nxc5 Kxf6 39. f4 exf3 40. gxf3 Nc6 41. Nd3 g5 42. Kf2 a4 43. a3 f4 44. exf4 gxf4 45. Nxf4 Ke5 46. Nd5 Kd4 47. Nb6 Kc5 48. Nxa4+ Kxc4 49. Nb6+ Kb5 50. Nd7 Ka4 51. h4 Nd8 52. Kg3 Kxa3 53. Ne5 Ne6 54. h5 Nf8 55. Kg4 Kb4 56. Kf5 Kc5 57. h6 Kd5 58. f4 Kd6 59. Kf6 1-0

[Event "Tomsk-ch"]
[Site "Tomsk"]
[Date "2010.12.06"]
[Round "1"]
[White "Dyagilev, Viktor"]
[Black "Gankin, Stanislav"]
[Result "1/2-1/2"]
[WhiteElo "1830"]
[BlackElo "2268"]
[PlyCount "122"]
[EventDate "2010.12.06"]
[EventType "tourn"]
[EventRounds "11"]
[EventCountry "RUS"]
[SourceTitle "EXT 2022"]
[Source "ChessBase"]
[SourceDate "2021.10.06"]
[SourceVersion "1"]
[SourceVersionDate "2021.10.06"]
[SourceQuality "1"]

1. e4 c6 2. d4 d5 3. Nc3 dxe4 4. Nxe4 Nd7 5. Ng5 Ngf6 6. Bd3 e6 7. N1f3 Bd6 8. Qe2 h6 9. Ne4 Nxe4 10. Qxe4 Nf6 11. Qe2 Qc7 12. 0-0 0-0 13. c4 c5 14. dxc5 Qxc5 15. h3 b6 16. Be3 Qh5 17. Nd2 Qxe2 18. Bxe2 Bb7 19. Bf3 Rab8 20. Rac1 Rfd8 21. a3 Be5 22. Rc2 Bd4 23. Bxd4 Rxd4 24. Rfc1 Ba6 25. Nf1 Nd7 26. Rd1 Rxd1 27. Bxd1 Kf8 28. Ne3 Ke7 29. Be2 f5 30. c5 Nxc5 31. b4 Bxe2 32. Rxe2 Ne4 33. Nxf5+ exf5 34. f3 Rc8 35. fxe4 f4 36. e5 Ke6 37. Rd2 Rc7 38. a4 Kxe5 39. a5 g5 40. Rd8 bxa5 41. bxa5 Rc5 42. Rh8 Rxa5 43. Rxh6 Ra2 44. Rh8 a5 45. Re8+ Kf6 46. Ra8 a4 47. Ra6+ Kf5 48. Ra5+ Kg6 49. Ra8 a3 50. Ra7 Ra1+ 51. Kh2 Kf5 52. Ra5+ Kf6 53. Ra6+ Kg7 54. Ra7+ Kh6 55. Ra8 Kg6 56. Ra7 Kf5 57. Ra5+ Ke4 58. Rxg5 Rb1 59. Ra5 Rb3 60. h4 Kd3 61. h5 Ke4 1/2-1/2

[Event "Berdsk Maestro op 15th"]
[Site "Berdsk"]
[Date "2009.07.15"]
[Round "8"]
[White "Gankin, Stanislav"]
[Black "Khatoev, Eduard"]
[Result "1-0"]
[WhiteElo "2283"]
[BlackElo "2160"]
[PlyCount "93"]
[EventDate "2009.07.08"]
[EventType "swiss"]
[EventRounds "9"]
[EventCountry "RUS"]
[SourceTitle "EXT 2022"]
[Source "ChessBase"]
[SourceDate "2021.10.06"]
[SourceVersion "1"]
[SourceVersionDate "2021.10.06"]
[SourceQuality "1"]

1. e4 c5 2. Nf3 e6 3. c3 d5 4. exd5 exd5 5. d4 Nc6 6. Bb5 Bd6 7. 0-0 Nge7 8. dxc5 Bxc5 9. Nbd2 0-0 10. Nb3 Bb6 11. Re1 Qd6 12. Be3 Bxe3 13. Rxe3 Bg4 14. Nbd4 Rad8 15. Qa4 Bxf3 16. Rxf3 Nxd4 17. Qxd4 a6 18. Bd3 Nc6 19. Qh4 h6 20. Rd1 Rfe8 21. Bf1 Re5 22. Rfd3 Qe6 23. f4 Re4 24. Qf2 d4 25. g3 Qxa2 26. Bg2 Re3 27. R3d2 Qb3 28. cxd4 Nxd4 29. Kh1 Rde8 30. Rxd4 Re2 31. Qf1 Qxb2 32. Rd8 Rxd8 33. Rxd8+ Kh7 34. h3 a5 35. Qf3 a4 36. Qd3+ g6 37. Qd5 Kg7 38. Rd7 Qf6 39. Rxb7 a3 40. Ra7 a2 41. Rxa2 Re1+ 42. Kh2 Qb6 43. h4 Qg1+ 44. Kh3 h5 45. Rd2 Re3 46. Rd3 Re2 47. Qd4+ 1-0

[Event "Berdsk Maestro op 15th"]
[Site "Berdsk"]
[Date "2009.07.14"]
[Round "7"]
[White "Beletsky, Alexey"]
[Black "Gankin, Stanislav"]
[Result "1/2-1/2"]
[WhiteElo "2342"]
[BlackElo "2283"]
[PlyCount "74"]
[EventDate "2009.07.08"]
[EventType "swiss"]
[EventRounds "9"]
[EventCountry "RUS"]
[SourceTitle "EXT 2022"]
[Source "ChessBase"]
[SourceDate "2021.10.06"]
[SourceVersion "1"]
[SourceVersionDate "2021.10.06"]
[SourceQuality "1"]

1. e4 e5 2. Nf3 Nc6 3. d4 exd4 4. Nxd4 Bc5 5. Nxc6 Qf6 6. Qf3 Qxf3 7. gxf3 dxc6 8. Be3 Bxe3 9. fxe3 Be6 10. Rg1 g6 11. Nc3 f6 12. Ne2 Nh6 13. Nf4 Bd7 14. Bc4 Ke7 15. Rd1 Rhd8 16. Rg2 Be8 17. Rxd8 Rxd8 18. Rd2 Rxd2 19. Kxd2 Bf7 20. Bf1 Be8 21. Nd3 Nf7 22. f4 Bd7 23. Bg2 Nd6 24. b3 Nf7 25. Ke2 Bg4+ 26. Ke1 Kd6 27. Nf2 Be6 28. Bf3 Kc5 29. Nd3+ Kd6 30. Kf2 c5 31. Nb2 b6 32. h4 Ke7 33. Be2 Nd6 34. Kf3 Bd7 35. Nc4 Be6 36. Nxd6 cxd6 37. Bc4 f5 1/2-1/2